| 000 | 00000nam##2200000za#4500 |
| 001 | 9.616004 |
| 003 | CaOODSP |
| 005 | 20210615101400 |
| 007 | ta |
| 008 | 150406|2002||||xxc||||| f|0| 0 eng|d |
| 040 | |aCaOODSP|beng |
| 043 | |an-cn--- |
| 086 | 1 |aNH18-22/102-101E |
| 110 | 2 |aCanada Mortgage and Housing Corporation. |
| 245 | 10|aHealthy high-rise: a guide to innovation in the design and construction of high-rise residential buildings |
| 260 | |aOttawa - Ontario : |bCanada Mortgage and Housing Corporation |c2002. |
| 300 | |a5p. : |bfigs. ; |c28 cm. |
| 490 | 1 |aResearch highlights; technical series |v02-101 |
| 563 | |aPamphlet |
| 590 | |a02-34|b2002-08-23 |
| 690 | 07|aConstruction industry|2gcpds |
| 690 | 07|aHousing|2gcpds |
| 690 | 07|aHealth|2gcpds |
| 775 | 08|tLes tours d'habitation saines : guide pour la conception et la construction innovatrices d'immeubles résidentiels de grande hauteur |w(CaOODSP)9.625954 |
| 776 | 0#|tHealthy high-rise : |w(CaOODSP)9.572293 |
| 830 | #0|aResearch highlights; technical series ;|v02-101|w(CaOODSP)9.514825 |
| 986 | |a62876 |